Logement, mobilite et population urbaines

Αποθηκεύτηκε σε:
Λεπτομέρειες βιβλιογραφικής εγγραφής
Άλλοι συγγραφείς: Arbonville, D., Bonvalet, Catherine (Διευθυντής)
Μορφή: Βιβλίο
Γλώσσα:French
Δημοσίευση: Paris : CNRS Editios, 1994
Θέματα:
Ετικέτες: Προσθήκη ετικέτας
Δεν υπάρχουν, Καταχωρήστε ετικέτα πρώτοι!

MARC

LEADER 00000nam a2200000 i 4500
001 1/70038
008 990223s1994 fre d
020 |a 2-271-05210-6 
035 |l 10047996 
040 |a GR-MY-UA  |b gre  |e aacr 
041 0 |a fre 
082 0 |a 363.580944 
245 1 0 |a Logement, mobilite et population urbaines /  |c D. Arbonville...[et.al.] ; sous la direction de Catherine Bonvalet 
260 |a Paris :   |b CNRS Editios,   |c 1994 
300 |a 139 p. 
500 |a Programme interdisciplinaire de recherche sur la ville 
500 |a At head of title: Institut national d'etudes demographiques 
504 |a Includes bibliographical references 
650 0 0 |a Housing  |z France. 
650 0 0 |a Housing policy  |z France. 
650 0 0 |a Migration, Internal  |z France. 
700 1 |a Arbonville, D. 
700 1 |a Bonvalet, Catherine.  |4 drt 
852 |a INST  |b LESVOS  |e 19990223  |h 363.580944 LOG  |p 005100024056  |q 005100024056  |t BK  |y 0 
901 |a BIBL1-2000-2 
909 |a Λ  |b 061613 
922 |a 1ΕΛΗ  |b 199812  |c ΚΠΣ/ΤΚ  |d ΠΑΠΑΣΩΤΗΡΙΟΥ 
950 |a 103-1998-07-27 
970 |z 2000/07/ΓΕΩΡΓΙΑ